| 000 | 00533nam a2200205Ia 4500 | ||
|---|---|---|---|
| 003 | GCL | ||
| 008 | 140319s9999 xx 000 0 eng d | ||
| 040 |
_aGCL / _cGCL |
||
| 082 | 0 | 4 |
_a624.1834 _bS R |
| 100 | 1 | _aSYAI, I.C. | |
| 245 | 1 | 0 |
_aREINFORCED CONCRETE STRUCTURES / _cSYAI, I.C. |
| 700 | 1 | _aGOEL, A.K. | |
| 260 |
_a[S.N] : _bWHEELER PUBLISHING ، _c1993 |
||
| 300 | _a742 P | ||
| 650 | 0 | 4 | _aCIVIL ENGINEERING |
| 650 | 0 | 4 | _aCONCRETE |
| 650 | 0 | 4 | _aSTRUCTURAL ENGINEERING |
| 650 | 0 | 4 | _aREINFORCED CONCRETE |
| 942 |
_2ddc _cBK |
||
| 999 |
_c20482 _d20482 |
||